La prescripción penal

Saved in:
Bibliografiske detaljer
Hovedforfatter: Yuseff Sotomayor, Gonzalo (Author)
Format: Bog
Sprog:spansk
Udgivet: Santiago Jurídica de Chile 1987
Udgivelse:1a. ed
Fag:
Tags: Tilføj Tag
Ingen Tags, Vær først til at tagge denne postø!

MARC

LEADER 00000cam a2200000 a 4500
001 UCD3714
003 CL-VaPUC
008 160616e19870000cl |||||||||||||||||spa|d
082 0 4 |a 345.83077  |b YUS  |2 21 
100 0 |a Yuseff Sotomayor, Gonzalo  |e author  |9 587276 
245 1 3 |a La prescripción penal 
250 |a 1a. ed 
300 |a 173 p 
942 |c BK 
945 |d 20160616 22:39:00  |a dcastane 
260 |a Santiago  |b Jurídica de Chile  |c 1987 
650 7 |a PRESCRIPCION PENAL  |2 CL-VaPUC  |9 336561 
650 0 |a Código penal chileno  |9 484032 
650 0 |a Delitos  |9 224143 
650 0 |a Prescripción civil   |9 383145 
650 0 |a Jurisprudencia  |9 255952 
583 |a last modification  |c 20160621 09:03:56  |k Rodrigo Vera 
999 |c 364741  |d 364739 
952 |0 0  |1 0  |3 erb  |4 0  |6 345_830770000000000_YUS_1987  |7 0  |8 A  |9 478317  |a BIBDER  |b BIBDER  |i 531349K  |l 2  |o 345.83077 YUS 1987  |p 531349K  |r 2023-01-25  |s 2022-11-09  |w 2019-11-24  |y BK  |z Catalogado en:20160616  |k DER